000 00964nam a2200217Ia 4500
001 8792
003 GE_BSU
008 181216s||||||||xx |||||||||||||| ||und||
040 _cGE_BSU
080 _a821.353.1-32
100 _aკლდიაშვილი,დავით
245 _aთხზულებათა სრული კრებული:მოთხრობები, პიესები, მემუარები.ტ.2
245 _cპ/მგ.რედ:ს.კლდიაშვილი
260 _aტფილისი.
260 _bფედერაცია.
260 _c1935
300 _a354გვ;22სმ
300 _bდამატება შენიშვნები 349 გვ;მემუარებში აღნიშნულ სახელთა საძიებელი 351 გვ.
653 _aმოთხრობები, პიესები, მემუარები
942 _cBK
999 _c42101
_d42101